Xây dựng thư viện đáp ứng yêu cầu nâng cao chất lượng giáo dục đai học /

Kaydedildi:
Detaylı Bibliyografya
Yazar: Nguyễn Thị Lan Thanh
Materyal Türü: Makale
Dil:Vietnamese
Konular:
Etiketler: Etiketle
Etiket eklenmemiş, İlk siz ekleyin!
Thư viện lưu trữ: Thư viện Trường Đại học Đà Lạt
LEADER 00815nam a2200277 4500
001 DLU060053911
040 # # |a DLU  |b vie 
041 # # |a vie 
044 # # |a vn 
100 # # |a Nguyễn Thị Lan Thanh 
245 # # |a Xây dựng thư viện đáp ứng yêu cầu nâng cao chất lượng giáo dục đai học /  |c Nguyễn Thị Lan Thanh 
653 # # |a Chất lượng giáo dục 
653 # # |a Giáo dục đại học 
653 # # |a Thư viện 
773 # # |t Giáo dục  |g Số 107, 2005, tr.40 - 42 
920 # # |a Phòng Tạp chí -- Trung tâm Thông tin - Thư viện Trường Đại học Đà Lạt 
933 # # |a SP 
994 # # |a DLU 
900 # # |a True 
911 # # |a Nguyễn Thị Yên 
925 # # |a G 
926 # # |a A 
927 # # |a BB 
980 # # |a Thư viện Trường Đại học Đà Lạt